000 01022nam a2200301 i 4500
001 000029174
003 DO-SdBNP
005 20231020144602.0
007 ta
008 110414s1932 dr 000 0 spa d
040 _aDO-SdBNP
_bspa
_cBNPHU
041 _hspa
082 4 _a635.25
_bP438c
_222
100 1 _aPérez A., César
_956095
_eautor
245 1 3 _aEl cultivo de la cebolla :
_bun filón de buenos ingresos para los horticultores cuidadosos /
_cCésar Pérez A.
264 _aSanto Domingo :
_bSecretaría de Estado Agricultura y Comercio,
_c1932.
300 _a[4] páginas ;
_c23 cm.
336 _2rdacontent
_atexto
_btxt
337 _2rdamedia
_asin mediación
_bn
338 _2 rdacarrier
_avolumen
_bnc
490 0 _aBoletín
_v2
590 _aInventariado, 2023/BT
650 4 _aAgricultura
_zRepública Dominicana
_91568
650 4 _aCebolla
_xCultivo
_982564
710 2 _aSecretaría de Estado Agricultura y Comercio
_956096
910 _aValidado. Control de calidad. MAA
942 _2ddc
_cLF2
999 _c28666
_d28666